Najbardziej muzułmańskie kraje na świecie - Statystyki

Ogólne statystyki
  • Ten quiz został rozwiązany 173 razy
  • Średni wynik to 7 z 10
Statystyki odpowiedzi
liczba muzułmanów Odpowiedź % Poprawnych
82mln Iran
92%
87mln Egipt
88%
79mln Turcja
88%
200mln Pakistan
79%
195mln Indie
77%
229mln Indonezja
77%
41mln Algieria
74%
99mln Nigeria
62%
153mln Bangladesz
57%
39mln Sudan
54%
Nie znaleziono quizów pasujących do podanych kryteriów
Rozkład punktacji
Procent ludzi z każdym wynikiem
Percentyl według liczby udzielonych odpowiedzi
Twoja historia wyników
Nie rozwiązałeś tego quizu